000
00215 a2200097 4500
001
30659
100
_a
Board of Edu
245
_a
Hand book of Suggestion
260
_a
London
_b
Her majesty
_c
090
_c
20596
_d
20596
942
_a
NUST-CAE
_c
M
_c
11776
999
_c
265732
_d
265732